| 000 | 01111nam a2200229Ia 4500 | ||
|---|---|---|---|
| 000 | 01657naaa 00361uu | ||
| 001 | https://directory.doabooks.org/handle/20.500.12854/63601 | ||
| 005 | 20260218105703.0 | ||
| 008 | 211013s9999 xx 000 0 und d | ||
| 024 | _a10.1515/9783110624519 | ||
| 042 | _adc | ||
| 245 | 0 | _aFacing Poetry : Alexander Gottlieb Baumgarten's Theory of Literature | |
| 260 |
_aBerlin/Boston _bDe Gruyter _c2020 |
||
| 300 | _a1 electronic resource (238 p.) | ||
| 520 | _aWhat is Literature? According to Alexander Gottlieb Baumgarten, Literature is perfect sensate discourse. Based on this insight Baumgarten offers the first modern theory of literature. His uniquely holistic approach encompasses a methodology, epistemology, metaphysics, narratology, and ethics. | ||
| 540 | _aCreative Commons | ||
| 653 | _aLiterary theory | ||
| 700 | 1 | _aBerndt, Frauke | |
| 856 |
_uhttps://docs.google.com/spreadsheets/d/1yKIrdCPDAG_9c22mwoOIO2DOhtj65Wqa/edit?usp=sharing&ouid=106555315294820607512&rtpof=true&sd=true _yList of Curated E-Books |
||
| 942 | _cE-BOOK | ||
| 999 |
_c89970 _d89967 |
||